Statystyki dla Quiz O CICHOŃSKIM

Kliknij tutaj aby rozwiązać quiz!

Ogólne statystyki

  • Ten quiz został rozwiązany 11 razy
  • Średni wynik to 5 z 10

Statystyki odpowiedzi

ZagadnienieOdpowiedź% Poprawnych
ULUBIONE SŁOWO CICHOŃSKIEGONO I PO CO CI TO
90%
CO NAJBARDZIEJ LUBI JEŚĆ?HAMBURGERY
70%
ULUBIONY SPORT CICHOŃSKIEGOJEDZENIE HAMBURGERÓW NA CZAS
70%
ULUBIONY CZAS W SZKOLESTÓŁOWKA(OBIAD)
70%
ULUBIONY NAPÓJ CICHOŃSKIEGOCOCA-COLA LIME
60%
NA CZYM JEŹDZI CICHOŃSKIHOWERBOARD
60%
CZY JEST SZYBKI?NAJSZYBSZY NA SWIECIE
50%
ULUBIONA RESTAURACJABURGER KING
30%
ULUBIONA GRA CICHOŃSKIEGOCS GO
30%
JAKĄ CICHOŃSKI MA OCENE Z ZACHOWANIADOPUSZCZAJĄCA
10%

Rozkład punktacji

Percentyl według liczby udzielonych odpowiedzi

Procent ludzi z każdym wynikiem

Twoja historia wyników

Nie rozwiązałeś tego quizu